header

Improper life (Record no. 146891)

MARC details
000 -LEADER
fixed length control field 01850nam a2200409 a 4500
082 04 - DEWEY DECIMAL CLASSIFICATION NUMBER
Classification number 320.01
100 1# - MAIN ENTRY--AUTHOR NAME
Personal name Campbell, Timothy C.
245 10 - TITLE STATEMENT
Title Improper life
260 ## - PUBLICATION, DISTRIBUTION, ETC. (IMPRINT)
Place of publication Minneapolis :
Name of publisher University of Minnesota Press,
Year of publication 2011.
300 ## - PHYSICAL DESCRIPTION
Number of Pages x, 189 p.
490 1# - SERIES STATEMENT
Series statement Posthumanities ;
500 ## - GENERAL NOTE
General note "Portions ... appeared originally in Italian as Vita impropria"--T.p. verso.
505 0# - FORMATTED CONTENTS NOTE
Formatted contents note Preface: bios between thanatos and techn? -- Divisions of the proper: Heidegger, technology, and the biopolitical -- The dispositifs of thanatopolitics: improper writing and life -- Barely breathing: Sloterdijk's immunitary biopolitics -- Practicing bios: attention and play as techn?.
650 #0 - SUBJECT ADDED ENTRY--TOPICAL TERM
Topical Term Biopolitics.
Topical Term Death
Topical Term Technology
856 40 - ELECTRONIC LOCATION AND ACCESS
Uniform Resource Identifier http://site.ebrary.com/lib/rucke/Doc?id=10531202

No items available.

© 2026 Rongo University
Contact us: librarian | system librarian | Rongo university